La logica dialectica y las ciencias /

Guardado en:
Autor Principal: Joja, Athanase
Formato: Libro
Publicado: Buenos Aires : Juarez, 1969
Materias:
Etiquetas: Agregar Etiqueta
Sin Etiquetas, Sea el primero en etiquetar este registro!
LEADER 00487nam a22001695a 4500
001 EHU.bham002002
003 AR-BHAM
005 20070322164440.0
008 130507s1969##################000#0#####d
082 1 6 |a 160 
100 1 |a Joja, Athanase 
245 1 0 |a La logica dialectica y las ciencias /  |c Athanase Joja. 
260 |a Buenos Aires :  |b Juarez,  |c 1969 
300 |a 235 p. 
500 |a Prol. De Carlos Astrada 
653 |a Logica 
859 |a AR-BHAM  |b BIB. HUMANIDADES - General  |h 160  |i J669-1  |p 132.89  |t Ej.1